Pornstar Martini - MadeInParis ft Luidji - Statistiques

Statistiques générales
  • Ce quiz a été pris 69 fois
  • Le résultat moyen est 116 sur 354
Statistiques - réponses
Paroles % Correct
à
70%
la
63%
le
63%
de
59%
ma
59%
tu
59%
je
57%
se
57%
il
55%
me
48%
c'est
46%
c’est
46%
que
46%
dommage
45%
faut
45%
vrai
45%
vraiment
45%
dégages
41%
travail
41%
et
39%
m’appelle
39%
m'appelle
39%
par
39%
on
38%
plus
38%
est
36%
j’ai
36%
j'ai
36%
mes
36%
moi
36%
mon
36%
tes
36%
message
34%
nous
34%
parle
34%
pas
34%
prend
34%
appels
32%
connais
32%
des
32%
d’âme
30%
d'âme
30%
du
30%
en
30%
états
30%
j’prends
30%
j'prends
30%
ta
30%
ton
30%
avec
29%
dans
29%
elle
29%
martini
29%
toi
29%
visage
29%
fais
27%
j’adore
27%
j'adore
27%
cocktail
25%
corps
25%
manger
25%
sexe
25%
cuisine
23%
éteint
23%
flamme
23%
harmonieux
23%
invisible
23%
j’navigue
23%
mal
23%
nettoies
23%
puis
23%
qui
23%
un
23%
croyais
21%
dégâts
21%
donne
21%
filtre
21%
genre
21%
heures
21%
neuf
21%
physiques
21%
piscine
21%
repars
21%
t’étais
21%
vingt‑six
21%
visite
21%
baby
20%
juste
20%
les
20%
venu
20%
j’aime
18%
j'aime
18%
l’animal
18%
personnage
18%
sauvage
18%
timide
18%
très
18%
champagne
16%
faire
16%
fenêtre
16%
freaky
16%
fume
16%
quand
16%
tourné
16%
vif
16%
wap
16%
hôtel
14%
vois
14%
soulever
13%
spliff
13%
voit
13%
bas
11%
celle
11%
coucher
11%
dit
11%
fumais
11%
magazines
11%
manques
11%
page
11%
poésie
11%
ses
11%
ambitions
9%
lit
9%
pensait
9%
pop
9%
qu’on
9%
résilles
9%
résine
9%
biff
7%
chop
7%
déjà
7%
j’étais
7%
mais
7%
mission
7%
rempli
7%
riche
7%
voulait
7%
aime
5%
fils
5%
jamais
5%
l’addition
5%
l’oseille
5%
mettrai
5%
payé
5%
qu’avec
5%
riches
5%
vision
5%
voulez‑vous
5%
chic
4%
l’excitent
4%
n’importe
4%
Aucun quiz correspondant
Distribution des résultats
% des personnes avec chaque résultat
Percentile par nombre de réponses
Votre historique - résultats
Vous n’avez pas pris ce quiz